Els Pous de glaç de la comarca de Bages : assaig d'interpretació i localització / Jaume Perarnau i Llorens assaig d'interpretació i localització / Jaume Perarnau i Llorens
ISBN:
84-87618-11-1
Descripción Física:
54 p. : il. ; 16 x 24 cm
Colección:
Quaderns / Centre d'Estudis del Bages ; 5
Otros Autores:
Centre d'Estudis del Bages
Materias:
Pous de glaç -- Bages
MARC
| LEADER | 00000nam a2200000Ia 4500 | ||
|---|---|---|---|
| 001 | 14920 | ||
| 008 | 160829s9999 xx 000 0 cat d | ||
| 020 | |a 84-87618-11-1 | ||
| 080 | |a C-2-287 | ||
| 100 | |a Perarnau i Llorens, Jaume |9 25228 | ||
| 245 | |a Els Pous de glaç de la comarca de Bages : |b assaig d'interpretació i localització / Jaume Perarnau i Llorens | ||
| 260 | |a Manresa : |b Centre d'Estudis del Bages, DL 1992 | ||
| 300 | |a 54 p. : |b il. ; |c 16 x 24 cm | ||
| 490 | |a Quaderns / Centre d'Estudis del Bages ; 5 | ||
| 590 | |a Notes. | ||
| 590 | |a Bibliografia. | ||
| 590 | |a Amb el suport de: Consell Comarcal del Bages ; Diputació de Barcelona, Servei de Cultura | ||
| 650 | |a Pous de glaç |x Bages |9 25229 | ||
| 700 | |a Centre d'Estudis del Bages |9 22441 | ||
| 901 | |a Arxiu | ||
| 942 | |n 1 | ||
| 952 | |0 0 |1 0 |4 0 |6 C2287 |7 1 |9 43513 |a Arxiu |b Arxiu |d 2016-12-01 |l 0 |o C-2-287 |p 14920 |r 2016-12-01 00:00:00 |w 2016-12-01 |y ARXIU | ||
| 999 | |c 46059 |d 46059 | ||